[Event "MVP-ch Seniors op 16th"]
[Site "Binz"]
[Date "2016.12.01"]
[Round "9.50"]
[White "Wulf, Adalbert"]
[Black "Held, Helmut"]
[Result "0-1"]
[WhiteElo "1826"]
[BlackElo "1963"]
[PlyCount "156"]
[EventDate "2016.11.23"]
[EventType "swiss"]
[EventRounds "9"]
[EventCountry "GER"]
[SourceTitle "EXT 2018"]
[Source "ChessBase"]
[SourceDate "2017.10.13"]
[SourceVersion "1"]
[SourceVersionDate "2017.10.13"]
[SourceQuality "1"]

1. d4 Nf6 2. Nc3 e6 3. Nf3 Be7 4. Bg5 c6 5. e3 h6 6. Bxf6 Bxf6 7. Bd3 a5 8. 0-0 d6 9. Ne4 Be7 10. c3 Nd7 11. Qe2 0-0 12. Ne1 Qc7 13. f4 f5 14. Nd2 d5 15. Nef3 c5 16. b3 Nb6 17. Ne5 Bd6 18. Ndf3 Nd7 19. Nxd7 Bxd7 20. Rac1 Qb6 21. g3 a4 22. Rb1 axb3 23. axb3 Ra3 24. Qc2 Rfa8 25. Rb2 Qc7 26. Qe2 g6 27. Rc1 Qb6 28. Rcb1 Rc8 29. c4 Qb4 30. Ne1 Raa8 31. Kf2 Kg7 32. Nf3 Be8 33. Qd2 cxd4 34. exd4 Qxd2+ 35. Rxd2 Bb4 36. Re2 Kf6 37. Rbb2 Ra3 38. Rb1 b6 39. Rc2 g5 40. Ke3 Bd6 41. Ne5 Bb4 42. cxd5 Rxc2 43. Bxc2 exd5 44. Nd3 Bd6 45. Rb2 Bb5 46. Kf3 Ra8 47. Bb1 Rc8 48. Rc2 Re8 49. Ra2 Re4 50. fxg5+ hxg5 51. Nc5 Rxd4 52. Na4 g4+ 53. Ke3 Rb4 54. Bc2 d4+ 55. Kd2 Bc6 56. Nb2 Bf8 57. Nd3 Bh6+ 58. Ke1 Rb5 59. Ra4 Be3 60. Rb4 Bg1 61. Rxb5 Bxb5 62. Nf4 Be3 63. Nd3 Bc6 64. Bd1 Be4 65. Bc2 Ke7 66. Ke2 Bg1 67. Kf1 Be3 68. Ke2 Kd6 69. Bd1 Bf3+ 70. Ke1 Bxd1 71. Kxd1 Bg1 72. Ke2 Kd5 73. Kf1 Be3 74. Ke2 Ke4 75. Ne1 Bg1 76. Nd3 Bxh2 77. Nf2+ Kd5 78. Nh1 Bg1 0-1

[Event "MVP-ch Seniors op 16th"]
[Site "Binz"]
[Date "2016.11.28"]
[Round "6.34"]
[White "Held, Helmut"]
[Black "Juergens, Peter1111"]
[Result "1/2-1/2"]
[WhiteElo "1963"]
[BlackElo "1901"]
[PlyCount "38"]
[EventDate "2016.11.23"]
[EventType "swiss"]
[EventRounds "9"]
[EventCountry "GER"]
[SourceTitle "EXT 2018"]
[Source "ChessBase"]
[SourceDate "2017.10.13"]
[SourceVersion "1"]
[SourceVersionDate "2017.10.13"]
[SourceQuality "1"]

1. e4 e6 2. d4 d5 3. Nd2 c5 4. exd5 exd5 5. Bb5+ Bd7 6. Qe2+ Be7 7. dxc5 Nf6 8. Bxd7+ Nbxd7 9. b4 0-0 10. Kf1 Re8 11. Qd1 a5 12. c3 Qc7 13. Ngf3 b6 14. bxa5 bxa5 15. h3 Nxc5 16. g4 Nfe4 17. Qc2 Rac8 18. Bb2 Qf4 19. Kg2 Nxd2 1/2-1/2

[Event "MVP-ch Seniors op 16th"]
[Site "Binz"]
[Date "2016.11.25"]
[Round "3.46"]
[White "Vladov, Mark"]
[Black "Held, Helmut"]
[Result "0-1"]
[WhiteElo "1770"]
[BlackElo "1963"]
[PlyCount "140"]
[EventDate "2016.11.23"]
[EventType "swiss"]
[EventRounds "9"]
[EventCountry "GER"]
[SourceTitle "EXT 2018"]
[Source "ChessBase"]
[SourceDate "2017.10.13"]
[SourceVersion "1"]
[SourceVersionDate "2017.10.13"]
[SourceQuality "1"]

1. Nf3 Nf6 2. g3 e6 3. Bg2 d5 4. 0-0 Be7 5. d3 c6 6. Bf4 Nbd7 7. c4 0-0 8. Nc3 Re8 9. a3 a5 10. Qc2 Nf8 11. cxd5 exd5 12. d4 Ng6 13. Bg5 h6 14. Bxf6 Bxf6 15. e3 Bd7 16. e4 dxe4 17. Nxe4 Bf5 18. Nxf6+ Qxf6 19. Qc3 Red8 20. Ne5 Ne7 21. Rad1 Be6 22. Rfe1 Nd5 23. Qc5 Rdc8 24. Nc4 Rc7 25. Nb6 Nxb6 26. Qxb6 Rd7 27. Bf1 a4 28. Rd2 Bd5 29. Re3 Be6 30. Qc5 Rad8 31. Qb6 Qg5 32. Bd3 Bd5 33. f4 Qf6 34. Re5 g6 35. Bc2 Ra8 36. Rde2 Kg7 37. Qb4 Qd6 38. Qxd6 Rxd6 39. Re7 b5 40. f5 g5 41. Kf2 Rad8 42. Rd2 Kf6 43. Rc7 R6d7 44. Rxd7 Rxd7 45. g4 Bc4 46. Ke3 Ke7 47. Bd3 Bd5 48. Be4 Bxe4 49. Kxe4 c5 50. Ke5 f6+ 51. Ke4 c4 52. d5 Kd6 53. Kd4 Re7 54. Kc3 Kc5 55. d6 Rd7 56. Rd1 Rxd6 57. Rxd6 Kxd6 58. Kb4 Kc6 59. Kc3 Kc5 60. h3 Kd5 61. Kb4 Kc6 62. Kc3 Kc5 63. Kd2 Kd4 64. Kc2 Ke3 65. Kc3 Kf4 66. Kb4 Kg3 67. Kxb5 Kxh3 68. Kxc4 Kxg4 69. b4 axb3 70. Kxb3 h5 0-1

[Event "Hessen-ch Seniors op 07th"]
[Site "Bad Sooden-Allendorf"]
[Date "2011.05.08"]
[Round "9"]
[White "Held, Helmut"]
[Black "Grams, Arthur"]
[Result "1/2-1/2"]
[WhiteElo "1764"]
[BlackElo "1642"]
[PlyCount "79"]
[EventDate "2011.04.30"]
[EventType "swiss"]
[EventRounds "9"]
[EventCountry "GER"]
[SourceTitle "EXT 2012"]
[Source "ChessBase"]
[SourceDate "2011.11.24"]
[SourceVersion "1"]
[SourceVersionDate "2011.11.24"]
[SourceQuality "1"]

1. e4 e5 2. Nf3 Nf6 3. d4 Nxe4 4. Bd3 d5 5. dxe5 f5 6. 0-0 Be7 7. c4 c6 8. cxd5 cxd5 9. b4 0-0 10. a3 Be6 11. Nd4 Qc8 12. Nxe6 Qxe6 13. Bb2 Nd7 14. Nd2 Nxe5 15. Nf3 Nxf3+ 16. Qxf3 Bf6 17. Bxf6 Qxf6 18. Ra2 Rac8 19. Qe3 d4 20. Qe1 Rfe8 21. Re2 Nd6 22. Rxe8+ Rxe8 23. Qb1 g6 24. Rd1 Kg7 25. Qc2 Rc8 26. Qa4 Rc3 27. Qxa7 Kh6 28. Bf1 d3 29. Qe3+ f4 30. Qh3+ Kg7 31. Rxd3 Rxd3 32. Qxd3 Qe5 33. b5 h5 34. a4 b6 35. Qc2 Kf6 36. Qc7 Qd4 37. a5 bxa5 38. Qxa5 Nc4 39. Qa2 g5 40. Qe2 1/2-1/2

[Event "Hessen-ch Seniors op 07th"]
[Site "Bad Sooden-Allendorf"]
[Date "2011.05.03"]
[Round "4"]
[White "Gousseinov, Aguif"]
[Black "Held, Helmut"]
[Result "1-0"]
[WhiteElo "1843"]
[BlackElo "1764"]
[PlyCount "69"]
[EventDate "2011.04.30"]
[EventType "swiss"]
[EventRounds "9"]
[EventCountry "GER"]
[SourceTitle "EXT 2012"]
[Source "ChessBase"]
[SourceDate "2011.11.24"]
[SourceVersion "1"]
[SourceVersionDate "2011.11.24"]
[SourceQuality "1"]

1. e4 e6 2. d4 d5 3. exd5 exd5 4. Bf4 Bd6 5. Qd2 Ne7 6. Nf3 Bxf4 7. Qxf4 0-0 8. Nc3 Ng6 9. Qd2 Re8+ 10. Be2 c6 11. 0-0 Nd7 12. Bd3 Ndf8 13. Rfe1 Bd7 14. Rxe8 Bxe8 15. Ne2 Qf6 16. c3 Bd7 17. Qg5 Re8 18. Qxf6 gxf6 19. h3 h6 20. Kf1 Nh7 21. Ng3 Nf4 22. Bf5 Be6 23. Bc2 Ng5 24. Nh4 Ngxh3 25. gxh3 Bxh3+ 26. Kg1 Bd7 27. Nhf5 h5 28. Ne3 h4 29. Ngf5 Nh3+ 30. Kg2 Ng5 31. Nxh4 Bh3+ 32. Kg3 Bd7 33. Nhf5 Ne4+ 34. Bxe4 Rxe4 35. Kf3 1-0

[Event "Hessen-ch Gr-C 65th"]
[Site "Gladenbach"]
[Date "2011.04.21"]
[Round "2"]
[White "Winter, Lars"]
[Black "Held, Helmut"]
[Result "0-1"]
[WhiteElo "1961"]
[BlackElo "1999"]
[PlyCount "72"]
[EventDate "2011.04.20"]
[EventType "swiss"]
[EventRounds "7"]
[EventCountry "GER"]
[SourceTitle "CBM 142 Extra"]
[Source "ChessBase"]
[SourceDate "2011.06.27"]
[SourceVersion "1"]
[SourceVersionDate "2011.06.27"]
[SourceQuality "1"]

1. e4 e6 2. d4 d5 3. e5 c5 4. c3 Qb6 5. Nf3 Bd7 6. a3 cxd4 7. cxd4 Bb5 8. Bxb5+ Qxb5 9. Nc3 Qd7 10. 0-0 Ne7 11. Ne2 a5 12. b3 Nec6 13. Qd3 Na6 14. Bd2 Nc7 15. Rfc1 Be7 16. Nc3 Ra6 17. h4 h6 18. g3 0-0 19. Kg2 Nb8 20. Rh1 f5 21. exf6 Rxf6 22. Ne5 Qe8 23. Bg5 hxg5 24. hxg5 Rf5 25. f4 Bd6 26. g4 Bxe5 27. dxe5 Rxf4 28. Qh7+ Kf8 29. Raf1 Qf7 30. g6 Rxg4+ 31. Kh3 Qf5 32. Rxf5+ exf5 33. Qh8+ Ke7 34. Qxg7+ Kd8 35. Qf8+ Ne8 36. Qxf5 Rgxg6 0-1

[Event "Hessen-ch Gr-C"]
[Site "Idstein"]
[Date "2009.04.11"]
[Round "6"]
[White "Winter, Lars"]
[Black "Held, Helmut"]
[Result "0-1"]
[WhiteElo "2016"]
[BlackElo "1768"]
[PlyCount "138"]
[EventDate "2009.04.08"]
[EventType "swiss"]
[EventRounds "7"]
[EventCountry "GER"]
[SourceTitle "EXT 2010"]
[Source "ChessBase"]
[SourceDate "2010.11.25"]
[SourceVersion "1"]
[SourceVersionDate "2010.11.25"]
[SourceQuality "1"]

1. e4 e6 2. b3 d5 3. Bb2 dxe4 4. Nc3 Nf6 5. Qe2 Nbd7 6. Nxe4 Nxe4 7. Qxe4 c6 8. 0-0-0 a5 9. a4 Nf6 10. Qf3 Bd7 11. Ne2 b5 12. Nc3 bxa4 13. Nxa4 Nd5 14. Bd3 c5 15. Be4 Bxa4 16. bxa4 Rb8 17. Bxd5 Qxd5 18. Qxd5 exd5 19. Rhe1+ Kd7 20. d4 c4 21. Bc3 Bb4 22. Kd2 Rhe8 23. Rxe8 Kxe8 24. Re1+ Kd7 25. g4 h6 26. h4 Rb6 27. Re5 Rd6 28. f4 f6 29. Re1 Rb6 30. f5 Bd6 31. Ke2 Rb8 32. Bxa5 Ra8 33. Bc3 Rxa4 34. h5 Ra3 35. Bd2 Rg3 36. Ra1 Rxg4 37. Ra7+ Kc6 38. Ra6+ Kd7 39. Ra7+ Kc8 40. Ra5 Rg2+ 41. Ke3 Rxd2 42. Rxd5 Rxc2 43. Rxd6 Rc3+ 44. Ke4 Kc7 45. Kd5 Rf3 46. Rc6+ Kd7 47. Rd6+ Ke7 48. Re6+ Kf7 49. Ke4 Rf1 50. d5 c3 51. Rc6 Re1+ 52. Kd4 Re5 53. Rc7+ Ke8 54. Kxc3 Rxd5 55. Rxg7 Rxf5 56. Rg6 Kf7 57. Rxh6 Rg5 58. Rh8 Kg7 59. Ra8 Rxh5 60. Kd3 Re5 61. Ra4 Kg6 62. Ra8 Kg5 63. Rg8+ Kf4 64. Rg7 f5 65. Rg8 Kf3 66. Rg7 f4 67. Kd2 Kf2 68. Rg8 f3 69. Rg7 Kf1 0-1